Concerto pour flûte et orchestre flûte et piano /

Hlavní autor: Páleníček, Josef, 1914-1991
Jazyk: Nelze použít, není lingvistický obsah
Vydáno: Praha : Český hudební fond, 1957
Fyzický popis: 47 s.
Hudebniny Hudebniny
Uloženo v:
LEADER 00832ncm a22002292a 4500
001 001209776
003 CZ BrMZK
005 20121210075317.0
007 qu
008 120503s1957 xr |||||||||||||||||zxx d
040 |a BOA001  |b cze 
072 7 |a 788  |x Hudba pro dechové nástroje  |2 Konspekt  |9 9 
100 1 |a Páleníček, Josef,  |d 1914-1991  |7 jk01091574  |4 cmp 
245 1 0 |a Concerto pour flûte et orchestre  |h [hudebnina] :  |b flûte et piano /  |c Josef Páleníček 
260 |a Praha :  |b Český hudební fond,  |c 1957 
300 |a 47 s. 
500 |a Rozmnoženo 
910 |a BOA001  |b Mus4-0376.474 
990 |a MU 
991 |b 201204 
996 6 |b 2619613153  |c Mus4-0376.474  |l MZK  |r Sklad / do 1 hodiny  |n 0  |w 001243466  |u 000020  |a 1  |e BOA001  |j MZK50  |s P 
996 7 |b 2619613154  |c Mus4-0376.474  |l MZK  |r Sklad / do 1 hodiny  |n 0  |w 001243466  |u 000010  |a 1  |e BOA001  |j MZK50  |s A